000
00269nam a2200121 a 4500
005
20140414093828.0
008
970101s19uu xx 00 eng d
050
_a
VHS 600
_b
R 12
245
_a
Protocol Seminar.
440
_a
Tape 1
942
_c
AVM
999
_c
108554
_d
108554